Learn Hebrew now! master program : read - listen - speak : a unique approach to language learning

Πρόγραμμα εκμάθησης της εβραϊκής γλώσσας

Αποθηκεύτηκε σε:
Λεπτομέρειες βιβλιογραφικής εγγραφής
Συγγραφή απο Οργανισμό/Αρχή: Transparent Language Inc
Μορφή: Ηλεκτρονική πηγή
Γλώσσα:English
Hebrew
Δημοσίευση: Merrimack, N.H. : Transparent Language, c2006
Σειρά:Language now
Θέματα:
Ετικέτες: Προσθήκη ετικέτας
Δεν υπάρχουν, Καταχωρήστε ετικέτα πρώτοι!

MARC

LEADER 00000nmm a2200000 i 4500
001 1/46708
008 070622s2006 us eng d
020 |a 1-59251-195-3 
035 |l 10088448 
040 |a GR-MY-UA  |b gre  |e aacr 
041 0 |a eng  |a heb 
082 0 |a 492.4  |2 (22η εκδ.) 
110 2 |a Transparent Language Inc. 
245 1 0 |a Learn Hebrew now!  |h [αρχείο Η/Υ] :  |b master program : read - listen - speak : a unique approach to language learning /  |c Trasparent Language 
260 |a Merrimack, N.H. :   |b Transparent Language,   |c c2006 
300 |a 1 οπτική δισκέτα λέιζερ Η/Υ;  |c 4 3/4 ιν.+  |e 1 δίσκος κόμπακτ  
490 1 |a Language now 
500 |a Σε θήκη 
505 0 |a Survival phrases for Hebrew - Fundamental Hebrew - Scenes from The Benny Zinger Show - Transliterated phrases for Hebrew - Jerusalem 
520 |a Πρόγραμμα εκμάθησης της εβραϊκής γλώσσας 
650 0 0 |a Hebrew language  |x Computer-assisted instruction for English speakers  |x Software. 
650 0 0 |a Hebrew language  |x Study and teaching. 
830 0 |a Language now 
852 |a INST  |b RHODES  |c AV  |e 20070622  |h 492.4 TRA  |p 005400026503  |q 005400026503  |t CDROM  |y 23 
852 |a INST  |b RHODES  |c AV  |e 20070622  |h 492.4 TRA  |p 005400026513  |q 005400026513  |t CDROM  |y 23 
901 |a BIBL4-2007-2 
909 |a Ρ  |b 129464 
909 |a Ρ  |b 129465 
920 |a ΑΝΑΜΟΡΦΩΣΗ  |b ΕΠΕΑΕΚ ΙΙ-ΤΜΣ  |y ΡΟΔΟΣ  |z 2006-09 
970 |a ΚΟΖΑ  |b ΜΑΡΙΑ  |z 2007/06/22